|
|
|
|
| LEADER |
00000nab a2200000 a 4500 |
| 001 |
vtls000395528 |
| 003 |
SK-MaSNL |
| 005 |
20260303160602.0 |
| 008 |
230223c1990 xo 0 cze |
| 015 |
|
|
|a SNBRB19rr/mm-uuuuu
|
| 035 |
|
|
|a CL0395652
|
| 035 |
|
|
|a (urnnbn)urn:nbn:sk:snk:ar-006i55
|
| 035 |
|
|
|a (uuid)964dd9cc-5001-45af-bff4-448bd28afc8d
|
| 035 |
|
|
|a urn:nbn:sk:snk-ab85w4
|
| 040 |
|
|
|a SNKBUCL
|b slo
|c SNKBUCL
|e AACR2
|
| 041 |
0 |
|
|a cze
|
| 044 |
|
|
|a xo
|c SK
|
| 080 |
|
|
|a 624.07:624.046:531.21
|2 1981
|
| 080 |
|
|
|a 624.046
|2 1981
|
| 080 |
|
|
|a 531.21
|2 1981
|
| 080 |
|
|
|a 512.831
|2 1981
|
| 080 |
|
|
|a 512.9
|2 1981
|
| 100 |
1 |
|
|a Macháček, Josef
|4 aut
|9 636526
|
| 245 |
1 |
0 |
|a Vzorce pro únosnost ocelových vystužených desek v tlaku
|c Josef Macháček
|
| 300 |
|
|
|b Obr. 13. Tb. 7. Res. čes. rus., angl., lit. 18 zázn. v slov., češ., angl., nem. Pozn. 1.
|
| 650 |
0 |
7 |
|a dosky oceľové
|2 snkbucl
|9 948610
|
| 650 |
0 |
7 |
|a únosnosť konštrukcií
|2 snkbucl
|9 934820
|
| 655 |
|
7 |
|a články z novín a časopisov
|2 snkbucl
|9 267496
|
| 773 |
0 |
|
|t Stavebnícky časopis
|g Roč. 38, č. 8 (1990), s. 583-611
|
| 850 |
|
|
|a Slovenská národná knižnica v Martine
|a MTA001
|
| 852 |
|
|
|a SNK
|b KIS3GCP
|
| 958 |
|
|
|a OND
|
| 958 |
|
|
|a NB
|
| 958 |
|
|
|a RK
|
| 958 |
|
|
|a CZ
|
| 958 |
|
|
|a EUIPO
|
| 958 |
|
|
|a article9
|
| 992 |
|
|
|a RBX
|
| 999 |
|
|
|c 2046621
|d 2048551
|